Reingeniería de los procesos del Sistema de Información Biológico (SIB) en la Dirección de Inventario de InBio
Guardado en:
| Autor principal: | |
|---|---|
| Otros Autores: | |
| Formato: | Libro |
| Publicado: |
[San José , Costa Rica]
1995
|
| Materias: | |
| Etiquetas: |
Agregar Etiqueta
Sin Etiquetas, Sea el primero en etiquetar este registro!
|
MARC
| LEADER | 00000nam a2200000Ia 4500 | ||
|---|---|---|---|
| 003 | 007673 | ||
| 005 | 20221231144254.0 | ||
| 008 | 140114s1995 cr a m 000 ||s d | ||
| 040 | |c cru CEDI | ||
| 090 | |a TFG 3281 | ||
| 100 | |a Solís Gamboa, Isaac |9 10779 | ||
| 245 | |a Reingeniería de los procesos del Sistema de Información Biológico (SIB) en la Dirección de Inventario de InBio | ||
| 260 | |c 1995 |a [San José , Costa Rica] | ||
| 300 | |a ix, [214] hojas | ||
| 500 | |a Proyecto de graduación (licenciatura en ingeniería industrial)--Universidad de Costa Rica. Facultad de Ingeniería. Escuela de Ingeniería Industrial | ||
| 650 | |x INSTITUTO NACIONAL DE BIODIVERSIDAD (COSTA RICA).. DIRECCION DE INVENTARIO. SISTEMA DE INFORMACION BIOLOGICO - ADMINISTRACION |9 10781 | ||
| 700 | |9 10780 |a Valverde Mena, Luis Francisco | ||
| 942 | |c TFG | ||
| 999 | |c 19411 |d 19411 | ||
